| 000 | 01334 a2200205 4500 | ||
|---|---|---|---|
| 003 | Nust | ||
| 005 | 20230404115104.0 | ||
| 010 | _a59009339 | ||
| 040 | _cNust | ||
| 082 | _a629.8323,CHE | ||
| 100 |
_aChestnut, Harold _944464 |
||
| 245 |
_aServomechanisms and regulating system design / _cHarold Chestnut & Robert W. Mayer |
||
| 250 | _a2nd ed | ||
| 260 |
_aWiley _bNew York _c1959 |
||
| 300 |
_axvii, 680 p _billus _c24 cm |
||
| 505 | _aThe Automatic Control Problems (Page-1), Manipulation Of Complex Numbers (Page-20), Solution Of Linear Differential Equations(Page-33), Laplace Transforms Of The Solutions (Page-70), Steady-State Operation (Page-103), Methods Of Determining Systems (Page-128),Typical Control Elements And Their Transfer (Page-179),Types Of Servomechanism And Control Systems (Page-218), Complex Plane Representation Of Feedback (Page-246), Design Use Of Complex Plane (Page-270), Attenuation Concepts For Use In Feedback (Page-316), Application Of Attenuation Phase (Page-352), Application Of Root Locus To Feedback (Page-383), Multiple Loop And Multiple Input Feedback (Page-477), Comparison Of Steady State And Transient (Page-487), Fundamentals Of Analog Computers (Page-540). | ||
| 600 |
_aChestnut, Harold _944464 |
||
| 650 |
_aServomechanisms and regulating system design _9111718 |
||
| 942 |
_2ddc _cBK |
||
| 999 |
_c183969 _d183969 |
||